000 00486nam a2200181Ia 4500
008 090124s9999 xx 000 0 und d
082 _b116063
100 _aगांगल वसंत
245 _a रेशीम गांठ
250 _a1
260 _c1975
300 _a160
600 _aगांगल वसंत
630 _a रेशीम गांठ
700 _aगांगल वसंत
730 _a रेशीम गांठ
942 _cBOOK
999 _c162154
_d162154